000 00272nam a22001217a 4500
082 _a823
_bMIL/B
100 _aMILTON, JOYEE
245 _aBEARS ARE CURIOUS
260 _aNEW YORK
_bRANDOM HOUSE
_c1998
300 _a32
650 _aENGLISH STORY
_zUNITED STATES
942 _cBK
999 _c7483
_d7483